000 00489nam a2200217Ia 4500
005 20250425161821.0
008 250425s9999 xx 000 0 und d
020 _a9978090002
041 _aspa
082 _a340
100 _aORTEGA JARAMILLO, RUBEN
245 0 _aINTRODUCCION AL DERECHO
250 _a1A ED.
260 _aEcuador
_bEDICIONES UTPL
_c1997
260 _aLOJA
300 _a229
650 _aDERECHO
650 _aLEGISLACION
942 _c01
010 _a30890
999 _c216701
_d216701